Death and decision (Record no. 193866)

000 -LEADER
fixed length control field 01244 a2200229 4500
003 - CONTROL NUMBER IDENTIFIER
control field Nust
005 - DATE AND TIME OF LATEST TRANSACTION
control field 20221221104647.0
010 ## - LIBRARY OF CONGRESS CONTROL NUMBER
LC control number 77018444
020 ## - INTERNATIONAL STANDARD BOOK NUMBER
International Standard Book Number 0891581529
040 ## - CATALOGING SOURCE
Transcribing agency Nust
082 00 - DEWEY DECIMAL CLASSIFICATION NUMBER
Classification number 179.7, DEA
245 00 - TITLE STATEMENT
Title Death and decision
Statement of responsibility, etc. edited by Ernan Mc Mullin.
260 ## - PUBLICATION, DISTRIBUTION, ETC.
Place of publication, distribution, etc. Boulder, Colo. :
Name of publisher, distributor, etc. Published by Westview Press for the American Association for the Advancement of Science,
Date of publication, distribution, etc. 1978.
300 ## - PHYSICAL DESCRIPTION
Extent xii, 154 p. ;
Dimensions 24 cm.
505 ## - FORMATTED CONTENTS NOTE
Formatted contents note Introduction (Page-1), Definition of Death where to Draw the Lines (Page-15), What is the Function of Medicine (Page-35), Psychology Factors in Coping with Dying (Page-45), Strategic Relationship in Dying (Page-63), The Right to Die Garrulously (Page-75), Euthanasia (Page-85), The Right Die and The Obligation to Care Allowing to die Killing for Mercy and Suicide (Page-111), Demands for Life and Requests for Death The Judicial Dilemma (Page-131).
650 #0 - SUBJECT ADDED ENTRY--TOPICAL TERM
Topical term or geographic name entry element Death
General subdivision Psychological aspects
9 (RLIN) 105459
650 #0 - SUBJECT ADDED ENTRY--TOPICAL TERM
Topical term or geographic name entry element Right to die
General subdivision Moral and ethical aspects
9 (RLIN) 105460
650 #0 - SUBJECT ADDED ENTRY--TOPICAL TERM
Topical term or geographic name entry element Terminal care
General subdivision Moral and ethical aspects
9 (RLIN) 105461
700 1# - ADDED ENTRY--PERSONAL NAME
Personal name McMullin, Ernan,
Dates associated with a name 1924-2011.
9 (RLIN) 105462
710 2# - ADDED ENTRY--CORPORATE NAME
Corporate name or jurisdiction name as entry element American Association for the Advancement of Science.
9 (RLIN) 103667
942 ## - ADDED ENTRY ELEMENTS (KOHA)
Source of classification or shelving scheme
Koha item type Book
Holdings
Withdrawn status Lost status Source of classification or shelving scheme Damaged status Not for loan Permanent Location Current Location Shelving location Date acquired Full call number Barcode Date last seen Price effective from Koha item type Public note
          Military College of Signals (MCS) Military College of Signals (MCS) General Stacks 12/12/2016 179.7,DEA MCS5192 12/08/2016 12/12/2016 Book Almirah No.46, Shelf No.5
© 2023 Central Library, National University of Sciences and Technology. All Rights Reserved.